Normal view
MARC view
- Barton, David K Barton, William F
Entry Personal Name
001 - CONTROL NUMBER
- control field: 74335
003 - CONTROL NUMBER IDENTIFIER
- control field: NUST
005 - DATE AND TIME OF LATEST TRANSACTION
- control field: 20210628205203.0
008 - FIXED-LENGTH DATA ELEMENTS
- fixed length control field: 210628|| aca||aabn | a|a d
040 ## - CATALOGING SOURCE
- Original cataloging agency: NUST
- Transcribing agency: NUST
100 ## - HEADING--PERSONAL NAME
- Personal name: Barton, David K Barton, William F
670 ## - SOURCE DATA FOUND
- Source citation: Work cat.: (NUST): Barton, David K Barton, William F, Modern radar system analysis software and user's manual, 1993
